000 01550cam a22004454i 4500
003 PE-LiUPU
005 20250731172735.0
008 150617s r 000 0 d
035 _a(Sirsi) a11579
040 _aPE-LiUPU
_bspa
_cPE-LiUPU
_erda
049 _aPRUA
082 0 4 _a248.4
_bH22
_221
100 1 _aHaring, Bernhard,
_eautor.
245 1 0 _aCristiano en un mundo nuevo /
_cBerngard Haring.
264 1 _aBarcelona :
_bEditorial Herder,
_c1968.
300 _a456 páginas :
_c22 cm..
336 _atext
_2rdacontent
337 _aunmediated
_2rdamedia
338 _avolume
_2rdacarrier
505 0 _aLa ley de Cristo: es nuestra buena nueva -- La libertad de los hijos de Dios -- Dios y el corazón del hombre -- De corazón a corazón -- Amor en adoración -- Las virtudes en el reino del amor -- La conversión.
526 _aSEG42
526 _aSEG41
526 _aSEG40
526 _aSEG39
526 _aP94
526 _aP87
526 _aP86
526 _aP85
526 _aP77
526 _aP76
526 _aP35
650 0 4 _aConversión.
_91302
910 _ajck
_bjvq
_cjck
_d20150616
942 _2ddc
_cBOOK
949 _a248.4 H22
_wDEWEY
_c1
_i20594
_lCCODEBUL1
_mBUL
_p00.00
_r0
_sY
_tBOOK
_u19820818
_xTEOLOGIA
_PP35
_0COMPRA
_o.STAFF. Colección General
994 _aC0
_bPEPRU
596 _a1
999 _a248.4 H22
_wDEWEY
_c1743
_i20594
_f2021-11-11
_g5
_lCCODEBUL1
_mBUL
_r0
_sY
_tBOOK
_u2015-6-17
_xTEOLOGIA
_PP35
_0COMPRA
_o.STAFF. Colección General
_d1743
980 _81
_gALBERTO SANCHEZ Responsable de Automatización